|
|
|
|
| LEADER |
00000nas a2200000 a 4500 |
| 001 |
ssj0000491202 |
| 003 |
WaSeSS |
| 005 |
20200512172242.0 |
| 006 |
m d |
| 007 |
cr n |
| 008 |
850122u1981uuuupk qr p s 0 a0eng |
| 010 |
|
|
|a sn 85016160
|
| 016 |
7 |
|
|a 8412663
|2 DNLM
|
| 016 |
7 |
|
|a P01610000
|2 DNLM
|
| 022 |
|
|
|l 1012-8700
|y 1012-8700
|
| 035 |
|
|
|a (WaSeSS)ssj0000491202
|
| 037 |
|
|
|b Oral And Dental Hospital, Khyber Medical College. P.O. Peshawar University, Pakistan
|
| 040 |
|
|
|a NLM
|b eng
|c NLM
|d NSD
|d OCLCQ
|d DLC
|d OCLCQ
|d RDF
|d OCLCO
|d OCLCF
|d EUW
|d OCLCO
|d OCLCQ
|d OCLCO
|d NLM
|d OCLCO
|d OCLCA
|d DLC
|d WaSeSS
|
| 042 |
|
|
|a pcc
|a nsdp
|
| 060 |
0 |
0 |
|a W1
|b PA361C
|
| 210 |
0 |
|
|a Pak. oral dent. j.
|
| 222 |
|
0 |
|a Pakistan oral & dental journal
|
| 245 |
0 |
0 |
|a Pakistan oral & dental journal
|h [electronic resource].
|
| 246 |
3 |
0 |
|a Pakistan oral and dental journal
|
| 260 |
|
|
|a [Peshawar] :
|b [Khyber Printers]
|
| 310 |
|
|
|a Quarterly,
|b Mar. 1, 2018-
|
| 321 |
|
|
|a Three times a year,
|b 1981-2018
|
| 362 |
1 |
|
|a Began with: Vol. 1, no. 1, published 1981.
|
| 506 |
|
|
|a License restrictions may limit access.
|
| 580 |
|
|
|a Vols. for 1981?- include: Directory of Pakistani dental surgeons.
|
| 588 |
|
|
|a Description based on: Vol. 29, no. 2 (Dec. 2009); title from cover.
|
| 588 |
|
|
|a Latest issue consulted: Vol. 38, no. 1 (March 2018).
|
| 650 |
|
0 |
|a Dentistry
|v Periodicals.
|
| 650 |
|
7 |
|a Dentistry.
|2 fast
|0 (OCoLC)fst00890633
|
| 650 |
|
2 |
|a Dentistry.
|
| 655 |
|
0 |
|a Electronic journals.
|
| 730 |
0 |
2 |
|a Directory of Pakistan dental surgeons.
|
| 777 |
1 |
|
|t Directory of Pakistani dental surgeons
|
| 850 |
|
|
|a DNLM
|
| 856 |
4 |
0 |
|z Full text available from Research Library: 06/01/2010 to present
|u https://search.proquest.com/publication/616533
|